000
00204 a2200097 4500
001
18915
100
_a
Ilersic A R
245
_a
Statistics
260
_a
_b
H F L(Publishers)
_c
1959
090
_c
14004
_d
14004
942
_a
NUST-CAE
_c
M
_c
4453
999
_c
253988
_d
253988